000 00209 a2200097 4500
001 13753
100 _aKuestler
245 _aScum of the Earth
260 _aLondon
_bM Hamish Hamilton
_c
090 _c10748
_d10748
942 _aNUST-CAE
_cM
_c834
999 _c248826
_d248826